Handbook of scientific photography (Record no. 30694)

MARC details
000 -LEADER
fixed length control field 00285nam a2200109Ia 4500
082 ## - DEWEY DECIMAL CLASSIFICATION NUMBER
Classification number 778.3
Item number BLA
100 ## - MAIN ENTRY--AUTHOR NAME
Personal name Blaker, A A
245 #0 - TITLE STATEMENT
Title Handbook of scientific photography
260 ## - PUBLICATION, DISTRIBUTION, ETC. (IMPRINT)
Place of publication San Francisco
Name of publisher Freeman and Co
Year of publication 1977
942 ## - ADDED ENTRY ELEMENTS (KOHA)
Koha item type Books
Holdings
Withdrawn status Lost status Damaged status Not for loan Home library Current library Date acquired Cost, normal purchase price Full call number Accession Number Koha item type
        RRII Library RRII Library 16/12/2021 23.50 778.3 BLA 11265 Books